00285nam a2200109Ia 4500008004100000020001800041082001200059100001700071245005500088260001100143500002100154260604s9999 xx 000 0 und d a9781444947281 a808 BLY aBLYTON, ENID 0aTHE MAGIC FARAWAY TREE: ADVENTURE OF THE GOBLIN DO bHACHET aMagic, Adventure